Protection against Erosive Wear Using Thermal Sprayed Cermet A Review /

Erosive wear is characterized by successive loss of material from the surface due to the continuous impact of solid particles. This type of wear affects numerous industries, such as power generation, mining, and the pneumatic transportation of solids. The worst case scenario normally occurs where th...

Full description

Bibliographic Details
Main Authors: Bergmann, Carlos P. (Author), Vicenzi, Juliane (Author)
Corporate Author: SpringerLink (Online service)
Format: Electronic eBook
Language:English
Published: Berlin, Heidelberg : Springer Berlin Heidelberg, 2011.
Subjects:
Online Access:Full Text via HEAL-Link
LEADER 02969nam a22005295i 4500
001 978-3-642-21987-0
003 DE-He213
005 20151204183541.0
007 cr nn 008mamaa
008 110713s2011 gw | s |||| 0|eng d
020 |a 9783642219870  |9 978-3-642-21987-0 
024 7 |a 10.1007/978-3-642-21987-0  |2 doi 
040 |d GrThAP 
050 4 |a TJ1075-1081 
050 4 |a TA467 
050 4 |a TA418.9.C57 
072 7 |a TGBF  |2 bicssc 
072 7 |a TEC021000  |2 bisacsh 
072 7 |a TEC009070  |2 bisacsh 
082 0 4 |a 621.89  |2 23 
082 0 4 |a 620.11223  |2 23 
100 1 |a Bergmann, Carlos P.  |e author. 
245 1 0 |a Protection against Erosive Wear Using Thermal Sprayed Cermet  |h [electronic resource] :  |b A Review /  |c by Carlos P. Bergmann, Juliane Vicenzi. 
264 1 |a Berlin, Heidelberg :  |b Springer Berlin Heidelberg,  |c 2011. 
300 |a VII, 82 p.  |b online resource. 
336 |a text  |b txt  |2 rdacontent 
337 |a computer  |b c  |2 rdamedia 
338 |a online resource  |b cr  |2 rdacarrier 
347 |a text file  |b PDF  |2 rda 
505 0 |a Introduction -- Coating Cermets production -- Erosive wear -- Erosive wear in bulk cermets -- Erosive wear in coating cermets -- Table review -- Final Considerations. 
520 |a Erosive wear is characterized by successive loss of material from the surface due to the continuous impact of solid particles. This type of wear affects numerous industries, such as power generation, mining, and the pneumatic transportation of solids. The worst case scenario normally occurs where there is a combination of both erosion and oxidation, especially at high temperatures. In order to minimize damage caused by erosive wear, many authors propose the use of better bulk materials or surface coatings, and generally cermets are suggested. Various researchers have conducted experiments to study the wear mechanisms occurring in this kind of materials, but most of these experiments do not lead to similar results; in fact, there is no accordance among the authors, and moreover, some wear variables are ignored. In this book, studies undertaken in this field by several investigators have been discussed extensively. At the end of it, table reviews are suggested to summarize the most important mechanisms of the erosive wear in bulk and coating cermets. 
650 0 |a Materials science. 
650 0 |a Tribology. 
650 0 |a Corrosion and anti-corrosives. 
650 0 |a Coatings. 
650 0 |a Metals. 
650 1 4 |a Materials Science. 
650 2 4 |a Tribology, Corrosion and Coatings. 
650 2 4 |a Ceramics, Glass, Composites, Natural Methods. 
650 2 4 |a Metallic Materials. 
700 1 |a Vicenzi, Juliane.  |e author. 
710 2 |a SpringerLink (Online service) 
773 0 |t Springer eBooks 
776 0 8 |i Printed edition:  |z 9783642219863 
856 4 0 |u http://dx.doi.org/10.1007/978-3-642-21987-0  |z Full Text via HEAL-Link 
912 |a ZDB-2-CMS 
950 |a Chemistry and Materials Science (Springer-11644)